000
00306nam a2200121Ia 4500
005
20251222154351.0
008
251222s9999||||xx |||||||||||||| ||spa||
020
_a
968-16-1481-X
082
_a
330.09/S29
100
_a
"Schumpeter, Joseph A."
245
0
_a
Historia del análisis económico I
942
_c
LIB
999
_c
34918
_d
34918